Report on semiconductor user industries in Japan

Spremljeno u:
Bibliografski detalji
Format: Knjiga
Jezik:Undetermined
Izdano: Tokyo Yano Research Institute 1986
Teme:
Oznake: Dodaj oznaku
Bez oznaka, Budi prvi tko označuje ovaj zapis!
Thư viện lưu trữ: Trung tâm Học liệu Trường Đại học Cần Thơ
LEADER 00444nam a2200157Ia 4500
001 CTU_80895
008 210402s9999 xx 000 0 und d
082 |a 338.4 
082 |b R425 
245 0 |a Report on semiconductor user industries in Japan 
260 |a Tokyo 
260 |b Yano Research Institute 
260 |c 1986 
650 |a Semiconductor industry 
904 |i Trọng Hải 
980 |a Trung tâm Học liệu Trường Đại học Cần Thơ